Statistics for Top 20 Countries Taller than Wide

Click here to take the quiz!

General Stats

  • This quiz has been taken 11,238 times
  • The average score is 11 of 20

Answer Stats

Ratio Continent Country % Correct
3.73South AmericaChile
99%
2.07South AmericaArgentina
83%
2.47EuropeSweden
80%
2.07EuropeFinland
76%
2.54EuropePortugal
70%
3.23AfricaTogo
61%
2.26AfricaBenin
58%
1.65South AmericaGuyana
53%
2.27AsiaIsrael
51%
2.00AfricaMadagascar
49%
2.27AfricaMalawi
49%
2.49North AmericaBelize
48%
1.73AsiaMyanmar
47%
2.33EuropeAlbania
41%
1.61AfricaChad
41%
2.15AfricaTunisia
40%
1.83AsiaPhilippines
39%
1.95AsiaTaiwan
35%
2.07AsiaQatar
30%
1.72AsiaSri Lanka
30%

Score Distribution

Percentile by Number Answered

Percent of People with Each Score

Your Score History

You have not taken this quiz